000 00818cam a2200217 a 4500
001 1678769
005 20241129084238.0
008 950710s1995 enkach bf 001 0 eng d
020 _a0750620757 (pbk)
050 0 0 _aPN4775
_b.H357 1995
082 0 0 _a070.4
_221
100 1 _aHennessy, Brendan.
245 1 0 _aJournalism workbook :
_ba manual of tasks and resources /
_cBrendan Hennessy and F.W. Hodgson.
260 _aOxford, England ;
_aBoston :
_bFocal Press,
_c1995.
300 _axiii, 236 p. :
_bill., facsims., ports. ;
_c25 cm.
650 0 _aJournalism
_vHandbooks, manuals, etc.
700 1 _aHodgson, F. W.
856 4 1 _3Table of contents
_uhttp://www.loc.gov/catdir/toc/els033/98166814.html
856 4 2 _3Publisher description
_uhttp://www.loc.gov/catdir/description/els033/98166814.html
942 _2lcc
_cBK
_n0
999 _c1725
_d1725